Geography Quiz

Random Geography or City Quiz

US Cities by Length Quiz Stats

Quiz Updated Jul 5, 2012

Challenge
Share
Tweet
Embed
Score 0/12 Timer 04:00
0 Plays Today
Length City % Correct
7New York, NY
98.8%
10Los Angeles, CA
93.8%
6Dallas, TX
77.4%
12Philadelphia, PA
68.6%
8San Diego, CA
59.6%
9Fort Worth, TX
21.3%
11Albuquerque, NM
20.7%
5Omaha, NE
19.7%
4Mesa, AZ
17.5%
13Virginia Beach, VA
13%
15Colorado Springs, CO
9.6%
14Fort Lauderdale, FL
7.3%

You're not logged in!

Compare scores with friends on all Sporcle quizzes.
Join for Free
OR
Log In

You Might Also Like...

Show Comments

Extras

Top Quizzes Today


Score Distribution

Your Account Isn't Verified!

In order to create a playlist on Sporcle, you need to verify the email address you used during registration. Go to your Sporcle Settings to finish the process.

Report this User

Report this user for behavior that violates our Community Guidelines.

Details: